[Event "BL2-Nord 0001"]
[Site "Germany"]
[Date "2000.12.10"]
[Round "3.5"]
[White "Zoch, Werner"]
[Black "Zesch, Ludwig"]
[Result "0-1"]
[WhiteElo "2076"]
[BlackElo "2203"]
[PlyCount "96"]
[EventDate "2000.10.15"]
[EventType "team-tourn"]
[EventRounds "9"]
[EventCountry "GER"]
[SourceTitle "CBM 082 Extra"]
[Source "ChessBase"]
[SourceDate "2001.07.03"]
[SourceVersion "1"]
[SourceVersionDate "2001.07.03"]
[SourceQuality "1"]
[WhiteTeam "Isernhagen"]
[BlackTeam "Leipzig Gohlis"]
[WhiteTeamCountry "GER"]
[BlackTeamCountry "GER"]

1. e4 c5 2. Nf3 Nc6 3. d4 cxd4 4. Nxd4 g6 5. Be3 Nf6 6. Nc3 Bg7 7. Bc4 0-0 8. 0-0 d6 9. h3 a6 10. a4 Bd7 11. Qd2 Rc8 12. Ba2 Na5 13. f4 Nc4 14. Bxc4 Rxc4 15. e5 Ne8 16. Nf3 Be6 17. b3 Rc8 18. Nd5 dxe5 19. Rad1 Qxd5 20. Qxd5 Bxd5 21. Rxd5 exf4 22. Bxf4 Nf6 23. Rd2 e6 24. c4 Ne4 25. Rc2 Rfd8 26. b4 Bc3 27. Ng5 Rxc4 28. Kh1 Nxg5 29. Bxg5 Rdc8 30. Rfc1 b5 31. Be7 Bd4 32. Rxc4 Rxc4 33. Rxc4 bxc4 34. b5 axb5 35. axb5 c3 36. Bg5 f6 37. Bc1 Kf7 38. g4 Ke7 39. Ba3+ Kd7 40. Kg2 Kc7 41. Kf3 Kb6 42. Ke4 Be5 43. g5 Kxb5 44. Be7 c2 45. Ba3 Ka4 46. Bc1 Kb3 47. gxf6 Bxf6 48. Kd3 Bb2 0-1